| 000 | 00549nam a22002057a 4500 | ||
|---|---|---|---|
| 003 | OSt | ||
| 005 | 20140310183124.0 | ||
| 008 | 130517t xxu||||| |||| 00| 0 eng d | ||
| 020 | _a9710868055 | ||
| 050 |
_aQA 278 _b.B874 2008 |
||
| 082 |
_aFIL 519.5 _bBr874 2008 |
||
| 245 |
_aParametric statistics _b(with computer-aided solutions _cBroto, Antonio |
||
| 260 |
_aManila _bNational Book Store _c2008 |
||
| 521 | _acollege students | ||
| 526 | _c1210L-1700L | ||
| 541 | _j1 | ||
| 541 | _j2 | ||
| 562 | _e2 | ||
| 942 |
_2lcc _cBK _kFIL |
||
| 999 |
_c18987 _d18987 |
||